[Event "Lovfalds EMT 17th Basis 1"]
[Site "Ringsted"]
[Date "2003.09.20"]
[Round "2"]
[White "Nilsson, Jonas Gosta"]
[Black "Carlsen, Tonny"]
[Result "1-0"]
[WhiteElo "1697"]
[BlackElo "1769"]
[PlyCount "67"]
[EventDate "2003.09.19"]
[EventType "tourn"]
[EventRounds "5"]
[EventCountry "DEN"]
[SourceTitle "EXT 2023"]
[Source "ChessBase"]
[SourceDate "2022.10.05"]
[SourceVersion "1"]
[SourceVersionDate "2022.10.05"]
[SourceQuality "1"]

1. e4 e6 2. d4 d5 3. exd5 exd5 4. Nf3 Bd6 5. Bd3 Nc6 6. 0-0 Nge7 7. c3 Bg4 8. Be3 Qd7 9. Nbd2 f6 10. b4 Nf5 11. Re1 Nce7 12. a4 Nxe3 13. fxe3 f5 14. a5 0-0 15. b5 c6 16. bxc6 Qxc6 17. c4 Kh8 18. Qb3 dxc4 19. Qxc4 Bh5 20. Qxc6 Nxc6 21. Nc4 Bc7 22. Reb1 Rab8 23. d5 Rfd8 24. dxc6 Rxd3 25. Rxb7 Rxb7 26. cxb7 a6 27. Rb1 Rd8 28. Nd4 Bf7 29. Nc6 Re8 30. Nb6 Be6 31. Nd4 Bf7 32. Rc1 Bb8 33. Nd7 Ba7 34. Rc8 1-0

[Event "Lovfalds EMT 17th Basis 1"]
[Site "Ringsted"]
[Date "2003.09.19"]
[Round "1"]
[White "Jensen, Karsten"]
[Black "Carlsen, Tonny"]
[Result "1/2-1/2"]
[WhiteElo "1745"]
[BlackElo "1769"]
[PlyCount "48"]
[EventDate "2003.09.19"]
[EventType "tourn"]
[EventRounds "5"]
[EventCountry "DEN"]
[SourceTitle "EXT 2023"]
[Source "ChessBase"]
[SourceDate "2022.10.05"]
[SourceVersion "1"]
[SourceVersionDate "2022.10.05"]
[SourceQuality "1"]

1. d4 d5 2. c4 c6 3. Nc3 e6 4. e3 Nf6 5. Nf3 Nbd7 6. a3 Be7 7. Qc2 0-0 8. c5 Qc7 9. b4 e5 10. dxe5 Nxe5 11. Be2 a5 12. Bb2 axb4 13. axb4 Rxa1+ 14. Bxa1 Nxf3+ 15. Bxf3 b6 16. 0-0 bxc5 17. bxc5 Ba6 18. Rc1 Bc4 19. Be2 Bxe2 20. Nxe2 Nd7 21. Bd4 Qa5 22. Qf5 Nxc5 23. Bxc5 Bxc5 24. Qc2 Be7 1/2-1/2

[Event "Taastrup Weekend C"]
[Site "Taastrup"]
[Date "2001.09.08"]
[Round "2"]
[White "Carlsen, Tonny"]
[Black "Jensen, Jan Kargaard"]
[Result "1/2-1/2"]
[WhiteElo "1558"]
[BlackElo "1588"]
[PlyCount "73"]
[EventDate "2001.09.07"]
[EventType "tourn"]
[EventRounds "5"]
[EventCountry "DEN"]
[SourceTitle "EXT 2023"]
[Source "ChessBase"]
[SourceDate "2022.10.05"]
[SourceVersion "1"]
[SourceVersionDate "2022.10.05"]
[SourceQuality "1"]

1. d4 Nf6 2. c4 g6 3. Nc3 d5 4. cxd5 Nxd5 5. e4 Nxc3 6. bxc3 Bg7 7. Bc4 c5 8. Ne2 Nc6 9. Bb2 cxd4 10. cxd4 0-0 11. 0-0 Na5 12. Rc1 Nxc4 13. Rxc4 Be6 14. d5 Bxd5 15. exd5 Bxb2 16. Rb4 Be5 17. Rxb7 Qd6 18. f4 Bf6 19. Rf3 Rfd8 20. Rd3 Qc5+ 21. Kh1 Rd6 22. Ng3 Qc4 23. Qd2 a5 24. Rb1 Rc8 25. Rd1 Qc2 26. Ne4 Rd7 27. Nxf6+ exf6 28. h3 Qxd2 29. R1xd2 Rd6 30. Kg1 Rc5 31. Kf2 Kf8 32. Kf3 Ke7 33. g4 Kd7 34. Ke4 Rb6 35. h4 Kd6 36. f5 Rb4+ 37. Rd4 1/2-1/2

[Event "Taastrup op"]
[Site "Taastrup"]
[Date "2001.01.27"]
[Round "6"]
[White "Moller, Arne Vagn"]
[Black "Carlsen, Tonny"]
[Result "1-0"]
[WhiteElo "2026"]
[BlackElo "1443"]
[PlyCount "87"]
[EventDate "2001.01.19"]
[EventType "swiss"]
[EventRounds "9"]
[EventCountry "DEN"]
[SourceTitle "EXT 2018"]
[Source "ChessBase"]
[SourceDate "2017.10.13"]
[SourceVersion "1"]
[SourceVersionDate "2017.10.13"]
[SourceQuality "1"]

1. e4 Nf6 2. e5 Nd5 3. d4 d6 4. exd6 exd6 5. Nf3 Bg4 6. Be2 Be7 7. 0-0 Nc6 8. c4 Nb6 9. b3 0-0 10. Be3 Bf6 11. Nc3 Re8 12. Qd2 Ne7 13. Ne4 Nf5 14. Nxf6+ Qxf6 15. Bg5 Qe6 16. Rfe1 f6 17. Bf4 Qf7 18. a4 Re4 19. Bd3 Ree8 20. a5 Nd7 21. a6 b6 22. Qc2 Bxf3 23. Bxf5 g6 24. Bh3 g5 25. Bg3 Bh5 26. Bf5 Bg6 27. b4 Bxf5 28. Qxf5 Rxe1+ 29. Rxe1 Re8 30. Rxe8+ Qxe8 31. h4 gxh4 32. Bxh4 Qf7 33. c5 dxc5 34. bxc5 bxc5 35. dxc5 c6 36. Bg3 Qe7 37. Bd6 Qe8 38. Qg4+ Kh8 39. g3 Qc8 40. Qe6 Qxa6 41. Qxd7 Qa4 42. Qf7 h5 43. Qxf6+ Kh7 44. Qf7+ 1-0

[Event "Taastrup op"]
[Site "Taastrup"]
[Date "2001.01.20"]
[Round "3"]
[White "Carlsen, Tonny"]
[Black "Thomsen, Viggo"]
[Result "1-0"]
[WhiteElo "1443"]
[BlackElo "1537"]
[PlyCount "55"]
[EventDate "2001.01.19"]
[EventType "swiss"]
[EventRounds "9"]
[EventCountry "DEN"]
[SourceTitle "EXT 2018"]
[Source "ChessBase"]
[SourceDate "2017.10.13"]
[SourceVersion "1"]
[SourceVersionDate "2017.10.13"]
[SourceQuality "1"]

1. d4 e5 2. dxe5 Nc6 3. Nf3 Qe7 4. Nc3 Nxe5 5. Nxe5 Qxe5 6. Qd3 c6 7. f4 Qc7 8. e4 Bb4 9. Bd2 b6 10. Be2 Bb7 11. 0-0 Bxc3 12. Bxc3 f6 13. Rad1 0-0-0 14. e5 Ne7 15. exf6 Nd5 16. fxg7 Rhg8 17. f5 Nf4 18. Qf3 Nxe2+ 19. Qxe2 Rde8 20. Qd3 d5 21. f6 Qf7 22. Qf5+ Kd8 23. Rde1 c5 24. Bd2 Rxe1 25. Rxe1 Rxg7 26. fxg7 Qxf5 27. g8Q+ Kc7 28. Re7+ 1-0